| 000 | 005080000a22002050004500 | ||
|---|---|---|---|
| 003 | LK-CoMWRAF | ||
| 005 | 20231103042016.0 | ||
| 008 | 230817t ||||| |||| 00| 0 eng d | ||
| 020 | _a8171676618 | ||
| 040 |
_aLK-CoMWRAF _dLK-CoMWRAF _eLK-CoMWRAF |
||
| 041 | _aeng | ||
| 082 |
_a821 _bTAG |
||
| 100 | _aTagore, Rabindranath | ||
| 245 |
_aSelected poems : _bVolume ii |
||
| 260 |
_aNew Delhi (India) : _bRupa & company, _c2002 |
||
| 300 | _a79p | ||
| 490 | _aVolume ii | ||
| 650 | _aPoems | ||
| 942 | _cBK | ||
| 999 |
_c1402 _d1402 |
||